000 00679cam a22002293a 4500
001 32673
003 PGUSA
005 20140828083716.0
008 100603s2010||||xxu|||||s|||||000 | eng d
040 _aPGUSA
_beng
042 _adc
050 4 _aBS
100 1 _aGore, Charles,
_d1853-1932
245 1 0 _aSt. Paul's Epistle to the Romans :
_bA Practical Exposition. Vol. I
_h[electronic resource] /
_cCharles Gore
260 _bProject Gutenberg,
_c2010
506 _aPublic domain in the USA.
516 _aElectronic text
653 _aBible. Romans -- Commentaries
830 0 _aProject Gutenberg
_v32673
856 4 0 _uhttp://www.gutenberg.org/ebooks/32673
942 _cEB
999 _c261928
_d261928